Criminal investigation ; a practical textbook for magistrates, police officers, and lawyers /

Bibliographic Details
Main Author: Gross, Hans, 1847-1915
Other Authors: Adam, John, Adam, J. Collyer (John Collyer), Kendal, Norman, 1880-1966
Format: Book
Language:English
German
Published: London : Toronto : Sweet & Maxwell, limited; The Carswell company, limited; [etc., etc.], 1934.
Edition:3d ed.,
Subjects:

MARC

Tag First Indicator Second Indicator Subfields
LEADER 00000cam a2200000 4500
001 in00000057106
005 20151008051441.0
008 720901s1934 enk 00000 eng u
010 |a  34030797  
035 |a (OCoLC)00397675 
035 |9 AAG7971AM 
040 |c KSU  |d TXA  |d UtOrBLW 
041 1 |a eng  |a ger 
049 |a TXAM  |c [60225] 
050 0 |a HV8973  |b .G87 1934 
092 |a 364  |b G878c3 
100 1 |a Gross, Hans,  |d 1847-1915. 
245 1 0 |a Criminal investigation ;  |b a practical textbook for magistrates, police officers, and lawyers /  |c adapted from the System der kriminalistik of Dr. Hans Gross ... by John Adam ... and J. Collyer Adam. 
250 |a 3d ed.,  |b edited by Norman Kendal. 
264 1 |a London :  |b Sweet & Maxwell, limited;  |a Toronto :  |b The Carswell company, limited; [etc., etc.],  |c 1934. 
300 |a xviii, 586 pages including illustrations, plates. ;  |c 26 cm. 
336 |a text  |b txt  |2 rdacontent 
337 |a unmediated  |b n  |2 rdamedia 
338 |a volume  |b nc  |2 rdacarrier 
650 0 |a Criminals  |x Identification. 
650 0 |a Evidence, Expert. 
650 0 |a Police. 
700 1 |a Adam, John. 
700 1 |a Adam, J. Collyer  |q (John Collyer) 
700 1 |a Kendal, Norman,  |d 1880-1966. 
999 |a MARS 
999 f f |s 00cead27-65db-3a4e-b763-cc815b9652a6  |i 6ad4a8b1-c9b4-330f-b5dd-8495bc2c60f2  |t 0 
952 f f |p ric  |a Texas A&M University  |b Rellis Campus  |c Joint Library Facility  |d Remote Storage  |t 0  |e HV8973 .G87 1934  |h Library of Congress classification  |i unmediated -- volume  |m A14800811694 
998 f f |a HV8973 .G87 1934  |t 0  |l Remote Storage